Ανίχνευση και εξόρυξη οικονομικών και εμπορικών πληροφοριών από τα δεδομένα διαδικτύου με χρήση "ευφυών μέσων" (intelligent agents), και παρουσίαση αυτών των πληροφοριών στους χρήστες με χρήση κινητών συσκευών

Bibliographic Details
Main Author: Τατσιόπουλος, Χρήστος
Corporate Author: Πανεπιστήμιο Πατρών Σχολή Επιστημών Υγείας Τμήμα Ιατρικής (Τμήμα Διοίκησης Επιχειρήσεων)
Format: Book
Language:Greek
Published: [Χ.τ.] [χ.ό.] 2009
Subjects:
Online Access:http://nemertes.lis.upatras.gr/jspui/handle/10889/2900
LEADER 01822nam a2200289 u 4500
001 10084931
003 upatras
005 20210510133639.0
008 100511s2009 gr gre
040 |a GR-PaULI  |c GR-PaULI 
041 0 |a gre 
082 0 4 |a 006.33 
100 1 |a Τατσιόπουλος, Χρήστος  |9 87023 
245 1 0 |a Ανίχνευση και εξόρυξη οικονομικών και εμπορικών πληροφοριών από τα δεδομένα διαδικτύου με χρήση "ευφυών μέσων" (intelligent agents), και παρουσίαση αυτών των πληροφοριών στους χρήστες με χρήση κινητών συσκευών  |c Χρήστος Β. Τατσιόπουλος; Πανεπιστήμιο Πατρών, Τμήμα Διοίκησης Επιχειρήσεων 
260 |a [Χ.τ.]  |b [χ.ό.]  |c 2009 
300 |a 210 σ.  |b έχγ. εικ.  |c 30 εκ. 
504 |a Περιλαμβάνει βιβλιογραφία 
650 4 |a Σημασιολογικός Ιστός  |9 50267 
650 4 |a Πληροφορίες, Ανάκτηση των  |9 50234 
650 4 |a Εξόρυξη δεδομένων  |9 12391 
710 2 |9 2771  |a Πανεπιστήμιο Πατρών  |b Σχολή Επιστημών Υγείας  |b Τμήμα Ιατρικής  |e Τμήμα Διοίκησης Επιχειρήσεων 
852 |a GR-PaULI  |b ΠΑΤΡΑ  |b ΒΚΠ  |b ΑΝΕ  |k ΔΙΠΛΩΜΑΤΙΚΗ  |h 006.33 ΤΑΤ  |m 100740  |p 025000182694  |t 1 
856 |u http://nemertes.lis.upatras.gr/jspui/handle/10889/2900 
942 |2 ddc  |c BKTD 
952 |0 0  |1 0  |4 0  |6 006_330000000000000_ΤΑΤ  |7 0  |9 90565  |a LISP  |b LISP  |c RES  |d 2016-04-24  |i 100740  |l 0  |o 006.33 ΤΑΤ  |p 025000182694  |r 2016-04-24 00:00:00  |t 1  |w 2016-04-24  |y BKTD 
998 |c ΠΟΛΥΧΡΟΝΙΑΔΟΥ  |d 2010-05 
999 |c 60696  |d 60696